| 000 | 00818nam a22002417a 4500 | ||
|---|---|---|---|
| 999 |
_c10111 _d10111 |
||
| 003 | AR-CdUCM | ||
| 008 | 190329b ||||| |||| 00| 0 spa d | ||
| 040 |
_aMUNICIPALIDAD PROVINCIAL DEL CUSCO _cBIBLIOTECA MUNICIPAL DEL CUSCO |
||
| 082 |
_a985.7 / _bSP74 L / 1947 |
||
| 100 |
_aSpence, Hartzell _926771 |
||
| 245 |
_ala sombra que pasa : _bBiografía romántica del descubridor del amazonas / |
||
| 260 |
_aBuenos Aires : _bEdi. Jackson de ediciones selectas, _c1947 |
||
| 300 |
_a464 paginas ; _c20 cm. |
||
| 500 | _aTitulo original : Vain Shadow | ||
| 505 | _aContenido : Novela | ||
| 650 |
_aExploradores _926772 |
||
| 650 |
_aBiografías. _9148 |
||
| 650 |
_aAmérica del Sur _9742 |
||
| 650 |
_aAmazonas _97356 |
||
| 700 |
_aBarberá, Manuel (Traductor) _926773 |
||
| 942 |
_2ddc _cLIBROS |
||
| 945 | _awnts | ||